Sense and nonsense in Australian history / (Record no. 113475)
[ view plain ]
| 000 -LEADER | |
|---|---|
| fixed length control field | 01721nam a2200409 i 4500 |
| 001 - CONTROL NUMBER | |
| control field | ebr10870897 |
| 003 - CONTROL NUMBER IDENTIFIER | |
| control field | CaPaEBR |
| 006 - FIXED-LENGTH DATA ELEMENTS--ADDITIONAL MATERIAL CHARACTERISTICS--GENERAL INFORMATION | |
| fixed length control field | m o d |
| 007 - PHYSICAL DESCRIPTION FIXED FIELD--GENERAL INFORMATION | |
| fixed length control field | cr cn||||||||| |
| 008 - FIXED-LENGTH DATA ELEMENTS--GENERAL INFORMATION | |
| fixed length control field | 140529t20092009vraab ob 001 0 eng d |
| 020 ## - INTERNATIONAL STANDARD BOOK NUMBER | |
| Cancelled/invalid ISBN | 9780977594931 |
| International Standard Book Number | 9781921825408 (e-book) |
| 040 ## - CATALOGING SOURCE | |
| Original cataloging agency | CaPaEBR |
| Language of cataloging | eng |
| Description conventions | rda |
| -- | pn |
| Transcribing agency | CaPaEBR |
| 035 ## - SYSTEM CONTROL NUMBER | |
| System control number | (OCoLC)872273456 |
| 043 ## - GEOGRAPHIC AREA CODE | |
| Geographic area code | u-at--- |
| 050 14 - LIBRARY OF CONGRESS CALL NUMBER | |
| Classification number | DU108 |
| Item number | .H573 2009eb |
| 082 04 - DEWEY DECIMAL CLASSIFICATION NUMBER | |
| Classification number | 994 |
| Edition number | 24 |
| 100 1# - MAIN ENTRY--PERSONAL NAME | |
| Personal name | Hirst, John, |
| Relator term | author. |
| 245 10 - TITLE STATEMENT | |
| Title | Sense and nonsense in Australian history / |
| Statement of responsibility, etc | John Hirst. |
| 264 #1 - PRODUCTION, PUBLICATION, DISTRIBUTION, MANUFACTURE, AND COPYRIGHT NOTICE | |
| Place of production, publication, distribution, manufacture | Melbourne, Victoria : |
| Name of producer, publisher, distributor, manufacturer | Black Inc. Agenda, |
| Date of production, publication, distribution, manufacture, or copyright notice | 2009. |
| Date of production, publication, distribution, manufacture, or copyright notice | �2009 |
| 300 ## - PHYSICAL DESCRIPTION | |
| Extent | 1 online resource (338 pages) : |
| Other physical details | illustrations, maps. |
| 336 ## - CONTENT TYPE | |
| Content type term | text |
| Source | rdacontent |
| 337 ## - MEDIA TYPE | |
| Media type term | computer |
| Source | rdamedia |
| 338 ## - CARRIER TYPE | |
| Carrier type term | online resource |
| Source | rdacarrier |
| 490 1# - SERIES STATEMENT | |
| Series statement | Black Inc. Agenda series |
| 504 ## - BIBLIOGRAPHY, ETC. NOTE | |
| Bibliography, etc | Includes bibliographical references and index. |
| 588 ## - SOURCE OF DESCRIPTION NOTE | |
| Source of description note | Description based on online resource; title from PDF title page (ebrary, viewed May 28, 2014). |
| 590 ## - LOCAL NOTE (RLIN) | |
| Local note | Electronic reproduction. Palo Alto, Calif. : ebrary, 2014. Available via World Wide Web. Access may be limited to ebrary affiliated libraries. |
| 651 #0 - SUBJECT ADDED ENTRY--GEOGRAPHIC NAME | |
| Geographic name | Australia |
| General subdivision | Historiography. |
| Geographic name | Australia |
| General subdivision | History |
| Form subdivision | Miscellanea. |
| 655 #0 - INDEX TERM--GENRE/FORM | |
| Genre/form data or focus term | Electronic books. |
| 776 08 - ADDITIONAL PHYSICAL FORM ENTRY | |
| Display text | Print version: |
| Main entry heading | Hirst, John. |
| Title | Sense and nonsense in Australian history. |
| Place, publisher, and date of publication | Melbourne, Victoria : Black Inc. Agenda, c2009 |
| Physical description | 325 pages |
| Series data for related item | Black Inc. Agenda series. |
| International Standard Book Number | 9780977594931 |
| 797 2# - LOCAL ADDED ENTRY--CORPORATE NAME (RLIN) | |
| Corporate name or jurisdiction name as entry element | ebrary. |
| 830 #0 - SERIES ADDED ENTRY--UNIFORM TITLE | |
| Uniform title | Black Inc. Agenda series. |
| 856 40 - ELECTRONIC LOCATION AND ACCESS | |
| Uniform Resource Identifier | <a href="http://site.ebrary.com/lib/rucke/Doc?id=10870897">http://site.ebrary.com/lib/rucke/Doc?id=10870897</a> |
| Public note | An electronic book accessible through the World Wide Web; click to view |
No items available.
